Filosofía del Derecho y de la prueba. Perspectivas pragmatistas

Guardat en:
Dades bibliogràfiques
Autor principal: Haack, Susan
Altres autors: Vásquez, Carmen (traducción)
Format: Desconegut
Idioma:anglès
Publicat: Madrid, España Marcial Pons 2020
Col·lecció:Filosofía y Derecho
Matèries:
Etiquetes: Afegir etiqueta
Sense etiquetes, Sigues el primer a etiquetar aquest registre!

MARC

LEADER 00000 a2200000 4500
003 CL-VaPUC
005 20210405174549.0
008 201229b ||||| |||| 00| 0 eng d
999 |c 432415  |d 432413 
020 |a 9788491230434 
040 |c Pontificia Universidad Católica de Valparaíso 
082 1 4 |2 21  |a 345.06 HAA 2020 
100 |a Haack, Susan  |9 859076 
245 |a Filosofía del Derecho y de la prueba.   |b Perspectivas pragmatistas 
260 0 3 |a Madrid, España   |b Marcial Pons  |c 2020 
300 |a 371 páginas  
440 |a Filosofía y Derecho  |9 859105 
583 |k Hugo Gaete  |c 20201229 
650 0 |a Filosofía del Derecho  |9 255050  |x Prueba 
650 0 0 |a Pragmatismo jurídico  |x Epistemología jurídica  |9 256247 
700 |a Vásquez, Carmen   |e traducción  |9 859104 
942 |2 ddc  |c BK 
952 |0 0  |1 0  |2 ddc  |4 0  |6 345_060000000000000_HAA_2020  |7 0  |8 A  |9 577329  |a BIBDER  |b BIBDER  |d 2020-12-29  |e 22  |g 38000.00  |i 5580862  |l 1  |o 345.06 HAA 2020  |p 5580862  |r 2023-11-23  |s 2023-11-17  |t 1  |v 38000.00  |w 2020-12-29  |y BK  |k DER